Missing Word: 'F' Actor Movies Quiz Stats

Quiz Updated Aug 4, 2015

Challenge
Share
Tweet
Embed
Score 0/30 Timer 03:00
0 Plays Today
Hint Answer % Correct
Morgan FreemanDollar
98.1%
Harrison FordAir
97.7%
Morgan FreemanRobin
97.6%
Michael FassbenderBasterds
96.4%
Ralph FiennesTitans
96.4%
Will FerrellWedding
96.3%
Morgan FreemanDark
93.5%
Michael FassbenderSlave
92.8%
Morgan FreemanShawshank
90.9%
Will FerrellFiction
90.6%
Ralph FiennesEnglish
90.5%
Harrison FordBlade
88.2%
Ralph FiennesSchindler's
87.5%
Harrison FordAliens
83.5%
Will FerrellBrothers
81.1%
Hint Answer % Correct
Will FerrellOld
81%
Harrison FordInnocent
80.5%
James FrancoOz
79.5%
Harrison FordPatriot
75.5%
James FrancoHours
73.4%
James FrancoPineapple
67.5%
James FrancoEnd
67.3%
Ralph FiennesGardener
65.9%
Will FerrellOther
60%
Morgan FreemanImpact
58.5%
Michael FassbenderClass
57.5%
Michael FassbenderJonah
38.2%
James FrancoSpring
31.9%
Ralph FiennesDragon
26.1%
Michael FassbenderMethod
10.7%

Today's Daily Dose

You're not logged in!

Compare scores with friends on all Sporcle quizzes.
Sign Up with Email
OR
Log In

You Might Also Like...

Show Comments

Extras

Top Quizzes Today


Score Distribution

Your Account Isn't Verified!

In order to create a playlist on Sporcle, you need to verify the email address you used during registration. Go to your Sporcle Settings to finish the process.